U.S. Cities with Colorful Names - Statistics

General Stats
  • This quiz has been taken 46 times
  • The average score is 4 of 8
Answer Stats
Hint State Population Answer % Correct
French for "Red Stick" LA 225,374 Baton Rouge
98%
Spanish for Yellow TX 199,826 Amarillo
76%
3rd Most Populous in NC NC 290,222 Greensboro
69%
Name of City and County CA 136,794 Orange
69%
Gulf of Mexico TX 189,299 Brownsville
47%
Cincinnati Suburb OH 12,199 Blue Ash
4%
Between Tuscon and El Paso NM 10,004 Silver City
4%
Birmingham Suburb AL 33,202 Alabaster
2%
No matching quizzes found
Score Distribution
Percent of People with Each Score
Percentile by Number Answered
Your Score History
You have not taken this quiz